Malaysia : Financial Sector Assessment Program Monetary Liquidity Frameworks-Technical Note.

This technical note on Monetary Liquidity Frameworks on Malaysia's inflation analyzes that it has returned to a more stable path, after some wider fluctuations before and during the global financial crisis. On the liability side, Malaysian banks' liquidity is based largely on deposits. The...

Full description

Bibliographic Details
Corporate Author: International Monetary Fund. Monetary and Capital Markets Department
Format: Journal
Language:English
Published: Washington, D.C. : International Monetary Fund, 2014.
Series:IMF Staff Country Reports; Country Report ; No. 2014/096
Online Access:Full text available on IMF
LEADER 01642cas a2200241 a 4500
001 AALejournalIMF014336
008 230101c9999 xx r poo 0 0eng d
020 |c 5.00 USD 
020 |z 9781484352243 
022 |a 1934-7685 
040 |a BD-DhAAL  |c BD-DhAAL 
110 2 |a International Monetary Fund.  |b Monetary and Capital Markets Department. 
245 1 0 |a Malaysia :   |b Financial Sector Assessment Program Monetary Liquidity Frameworks-Technical Note. 
264 1 |a Washington, D.C. :  |b International Monetary Fund,  |c 2014. 
300 |a 1 online resource (20 pages) 
490 1 |a IMF Staff Country Reports 
500 |a <strong>Off-Campus Access:</strong> No User ID or Password Required 
500 |a <strong>On-Campus Access:</strong> No User ID or Password Required 
506 |a Electronic access restricted to authorized BRAC University faculty, staff and students 
520 3 |a This technical note on Monetary Liquidity Frameworks on Malaysia's inflation analyzes that it has returned to a more stable path, after some wider fluctuations before and during the global financial crisis. On the liability side, Malaysian banks' liquidity is based largely on deposits. The increase in foreign reserves at the Central Bank is a major driver of the growth of the Bank Negara Malaysia's balance sheet. Monetary operations with Islamic banks are carried out through specific Shariah-compliant instruments. 
538 |a Mode of access: Internet 
830 0 |a IMF Staff Country Reports; Country Report ;  |v No. 2014/096 
856 4 0 |z Full text available on IMF  |u http://elibrary.imf.org/view/journals/002/2014/096/002.2014.issue-096-en.xml  |z IMF e-Library